Central Library OPAC University of Rajshahi

Health education in primary schools : (Record no. 60727)

MARC details
000 -LEADER
fixed length control field 01098nam a2200301 a 4500
001 - CONTROL NUMBER
control field 60727
003 - CONTROL NUMBER IDENTIFIER
rucl marc code BD-RjUL
005 - DATE AND TIME OF LATEST TRANSACTION
control field 20211209080857.0
008 - FIXED-LENGTH DATA ELEMENTS--GENERAL INFORMATION
fixed length control field 170102s1967 sz b 100 0 eng d
035 ## - SYSTEM CONTROL NUMBER
System control number (BD-RjUL)60851
040 ## - CATALOGING SOURCE
Original cataloging agency DLC
Transcribing agency DLC
Modifying agency DLC
Language of cataloging eng
041 ## - LANGUAGE CODE
Language code of text/sound track or separate title eng
051 ## - LIBRARY OF CONGRESS COPY, ISSUE, OFFPRINT STATEMENT
Classification number LB3404
Item number .I48
Copy information Copy 2.
082 00 - DEWEY DECIMAL CLASSIFICATION NUMBER
Classification number 372.3708
Author mark and year INH 1967
110 2# - MAIN ENTRY--CORPORATE NAME
Corporate name or jurisdiction name as entry element International Bureau of Education.
9 (RLIN) 179821
245 10 - TITLE STATEMENT
Title Health education in primary schools :
Remainder of title Research in comparative education study /
260 ## - PUBLICATION, DISTRIBUTION, ETC. (IMPRINT)
Place of publication, distribution, etc. Geneva,
-- Paris,
Name of publisher, distributor, etc. Unesco :
-- International Bureau of Education;
Date of publication, distribution, etc. 1967
300 ## - PHYSICAL DESCRIPTION
Pagination lxiv, 189 p. ;
Size 24 cm.
350 ## - PRICE (NR) (BK AM CF MU VM SE) [OBSOLETE]
Price 20.00
410 21 - SERIES STATEMENT/ADDED ENTRY--CORPORATE NAME [OBSOLETE, CAN/MARC], [LOCAL, USA]
Corporate name or jurisdiction name as entry element Its
Title of a work Publication,
Volume number/sequential designation no. 304
500 ## - GENERAL NOTE
General note At head of title: XXXth session of the International Conference on Public Education, Geneva, 1967.
504 ## - BIBLIOGRAPHY, ETC. NOTE
Bibliography, etc Includes bibliographical references.
650 #0 - SUBJECT ADDED ENTRY--TOPICAL TERM
Topical term or geographic name as entry element Health education (Elementary)
General subdivision Congresses.
9 (RLIN) 180932
710 2# - ADDED ENTRY--CORPORATE NAME
Corporate name or jurisdiction name as entry element Unesco.
9 (RLIN) 172576
711 2# - ADDED ENTRY--MEETING NAME
Meeting name or jurisdiction name as entry element International Conference on Public Education,
Number (BK CF MP MU SE VM MX) [OBSOLETE] 30th,
Location of meeting Geneva,
Date of meeting 1967.
9 (RLIN) 180933
942 ## - ADDED ENTRY ELEMENTS (KOHA)
Source of classification or shelving scheme Dewey Decimal Classification
Koha item type Books
Holdings
Lost status Source of classification or shelving scheme Damaged status Not for loan Collection code Permanent Location Current Location Shelving location Date acquired Source of acquisition Cost, normal purchase price Total Checkouts Full call number Date last seen Copy number Koha item type
  Dewey Decimal Classification   Not For Loan Non-fiction Central Library, University of Rajshahi Central Library, University of Rajshahi Reading Room 25/07/1970 Sweets ana Zait. 45.00   372.3708 INH 1967 02/01/2017 C-1 Books